000 00503 a2200169 4500
001 68254
020 _a9788586368752
040 _cAnchieta - Pituba
100 _aGeiger, Paulo
240 1 0 _aNovíssimo Aulete dicionário contemporâneo da língua portuguesa
_lpor
245 1 0 _aNovíssimo Aulete dicionário contemporâneo da língua portuguesa
300 _a1488
362 0 _a2011
440 1 _aLexikon
650 4 _aObras enciclopédicas gerais de línguas espanhola e portuguesa
942 _cBK
999 _c68254
_d68254